Statistics for Minecraft Quiz

Click here to take the quiz!

General Stats

  • This quiz has been taken 82 times
  • The average score is 3 of 8

Answer Stats

QuestionAnswer% Correct
What was the first mob added into Minecraft?Human mob
58%
What item can NOT be obtained from a wandering trader?Sandstone
52%
Which of these is NOT a Minecraft Biome?Frozen Beach
35%
What was one of the first added "splash texts" on the main menu?"May contain nuts! "
26%
What was the first crafting recipe added into Minecraft?apple -> arrow
23%
How many diffrent dimensions are in the "joke" snapshot 20w14∞?2,1 Billion
21%
What block is NOT from the first version of Minecraft?Dirt
20%
What item has the lowest burning time in a furnace?Scaffholding
18%

Score Distribution

Percentile by Number Answered

Percent of People with Each Score

Your Score History

You have not taken this quiz